Human Sectional Anatomy : pocket atlas of body sections, CT and MRI images (Record no. 6332)
[ view plain ]
| 000 -LEADER | |
|---|---|
| fixed length control field | 00597nam a22002057a 4500 |
| 003 - CONTROL NUMBER IDENTIFIER | |
| control field | OSt |
| 005 - DATE AND TIME OF LATEST TRANSACTION | |
| control field | 20190924113403.0 |
| 008 - FIXED-LENGTH DATA ELEMENTS--GENERAL INFORMATION | |
| fixed length control field | 190924b ||||| |||| 00| 0 eng d |
| 020 ## - INTERNATIONAL STANDARD BOOK NUMBER | |
| International Standard Book Number | 0340807644 |
| 040 ## - CATALOGING SOURCE | |
| Transcribing agency | DNLM |
| 082 ## - DEWEY DECIMAL CLASSIFICATION NUMBER | |
| Classification number | QS17 E59h 2001 |
| 100 ## - MAIN ENTRY--PERSONAL NAME | |
| Personal name | Ellis, Harold; Logan, B. M.; Dixon, Adrian K, 1926-. |
| 9 (RLIN) | 12959 |
| 245 ## - TITLE STATEMENT | |
| Title | Human Sectional Anatomy : pocket atlas of body sections, CT and MRI images |
| 250 ## - EDITION STATEMENT | |
| Edition statement | 2nd ed. |
| 260 ## - PUBLICATION, DISTRIBUTION, ETC. (IMPRINT) | |
| Place of publication, distribution, etc. | London; |
| Name of publisher, distributor, etc. | Arnold, |
| Date of publication, distribution, etc. | 2001 |
| 300 ## - PHYSICAL DESCRIPTION | |
| Extent | ix,245p; |
| Other physical details | col.ill: |
| Dimensions | 25cm |
| 504 ## - BIBLIOGRAPHY, ETC. NOTE | |
| Bibliography, etc | Index included |
| 650 ## - SUBJECT ADDED ENTRY--TOPICAL TERM | |
| Topical term or geographic name as entry element | Anatomy atlas |
| 9 (RLIN) | 4546 |
| 942 ## - ADDED ENTRY ELEMENTS (KOHA) | |
| Source of classification or shelving scheme | Other/Generic Classification Scheme |
| Koha item type | Book Bank |
| Withdrawn status | Lost status | Source of classification or shelving scheme | Damaged status | Not for loan | Home library | Current library | Date acquired | Source of acquisition | Inventory number | Total Checkouts | Full call number | Barcode | Date last seen | Koha item type |
|---|---|---|---|---|---|---|---|---|---|---|---|---|---|---|
| Other/Generic Classification Scheme | MUST Main Library | MUST Main Library | 24/09/2019 | Donation | 06/26447 | QS17 E59h 2001 | 2019-0475 | 24/09/2019 | Open Shelf |
